000 00773nam a2200241Ia 4500
003 OSt
005 20220930191404.0
006 a|||||r|||| 00| 0
007 ta
008 220926b |||||||| |||| 00| 0 eng d
024 _a8816
037 _cDissertations
040 _aCRL
_cCRL
_beng
041 _2eng
_aeng
100 _aArora Ashok
110 _aUniversity of Delhi. Faculty of Arts. Department of Psychology
_9169788
245 0 _aStudy of the teacher's attitude to wards impection, school organizational climate and its relationship with teaching style
260 _c1977
650 _aPSYCHOLOGY
700 _aUniversity of Delhi. Faculty of Arts. Department of Psychology
_9169789
942 _cDIS
_2CC
999 _c893857
_d893857